[Event "RUS Fed Cup final"]
[Site "Tula"]
[Date "2005.12.20"]
[Round "?"]
[White "Tsukanov, Stanislav"]
[Black "Novikov, Maxim"]
[Result "0-1"]
[WhiteElo "1889"]
[BlackElo "2506"]
[PlyCount "52"]
[EventDate "2005.12.02"]
[EventType "tourn"]
[EventRounds "11"]
[EventCountry "RUS"]
[EventCategory "3"]
[SourceTitle "EXT 2007"]
[Source "ChessBase"]
[SourceDate "2006.11.23"]
[SourceVersion "1"]
[SourceVersionDate "2006.11.23"]
[SourceQuality "1"]

1. e4 e5 2. Nf3 Nc6 3. Bc4 Nf6 4. Ng5 d5 5. exd5 Na5 6. Bb5+ c6 7. dxc6 bxc6 8. Be2 h6 9. Nxf7 Kxf7 10. 0-0 Bd6 11. d3 Bf5 12. Bf3 Re8 13. Bh5+ Nxh5 14. Qxh5+ Kf6 15. g4 g6 16. g5+ Ke6 17. Qxh6 Rh8 18. Qg7 Rg8 19. Qf6+ Qxf6 20. gxf6 Kxf6 21. Nc3 Rh8 22. Bd2 e4 23. dxe4 Bxh2+ 24. Kg2 Bh3+ 25. Kxh2 Bxf1+ 26. Kg1 Bc4 0-1